Triduo doloroso, y devocion utilísima para visitar y acompañar á Jesus divino preso, que se venera en su Capilla de la Santa Escala dentro del Convento de Jesus Maria de la ciudad de Guadalaxara. : sale á luz á solicitud de las Reverendas Madres de dicho Convento.

Bibliographic Details
Other Authors: Valdés Tellez Giron, Mariano (Printer)
Format: Book
Language:Spanish
Published: [Guadalajara] : Impreso en dicha Ciudad : En la Oficina de D. Mariano Valdés Tellez Giron, Año de 1803.
Subjects:

MARC

Tag First Indicator Second Indicator Subfields
LEADER 00000cam a2200000Ka 4500
001 in00002590313
005 20180227155641.0
008 100720s1803 mx a 000 0 spa d
035 |a (OCoLC)ocn649097539 
035 |a (OCoLC)649097539 
040 |a TXA  |c TXA  |d TXA  |d UtOrBLW 
043 |a n-mx--- 
049 |a TXAM 
090 |a BT430  |b .T75 1803 
245 0 0 |a Triduo doloroso, y devocion utilísima para visitar y acompañar á Jesus divino preso, que se venera en su Capilla de la Santa Escala dentro del Convento de Jesus Maria de la ciudad de Guadalaxara. :  |b sale á luz á solicitud de las Reverendas Madres de dicho Convento. 
264 1 |a [Guadalajara] :  |a Impreso en dicha Ciudad :  |b En la Oficina de D. Mariano Valdés Tellez Giron,  |c Año de 1803. 
300 |a 34 unnumbered pages :  |b illustrations ;  |c 14 cm. 
336 |a text  |b txt  |2 rdacontent 
337 |a unmediated  |b n  |2 rdamedia 
338 |a volume  |b nc  |2 rdacarrier 
500 |a Engraving of Christ as the "divine prisoner" on page [3], with caption containing notice of indulgence. 
500 |a One of the Cushing Library/Colonial Mexican Imprint Collection copies is bound with: Trisagio serafico para alabar a Dios trino y uno, conforme lo practican los religiosos de la Sma. Trinidad / dispuesto por Fr. José Parla. [México : Imprenta de Lara, [1850?]] -- Novena del nacimiento de Jesucristo, ó Pias consideraciones ... / publícalas ... Miguel Coto. [México : Impresa por S. Perez, 1851] -- Novena para prevenirse a la fiesta del Sagrado Corazon de Jesucristo / compuesta en italiano por ... Alfonso Muzzarelli ... [Mexico : Imprenta de Luis Abadiano y Valdés, 1844] -- Triduo doloroso, y devocion utilísima para visitar y acompañar a Jesus divino preso, ... [[Guadalajara] : Oficina de D. Mariano Valdés Tellez Giron, 1803] -- Consideraciones devotas para acompañar el Viernes Santo a Maria Santisima ... / dispuesta por ... Francisco de la Transfiguracion. [Mexico : Imprenta de J. R. Navarro, 1849] -- El salmo Miserere ; puesto en devotas décimas, ... / por ... Manuel de Azamor y Ramirez. [Mexico : Reimpresa por I. Cumplido, 1835] -- Consuelos del hombre cristiano en los continuos trabajos de su vida ... / dalos la luz un Sacerdote Catolico de este Obispado. [Reimpresos en Guadalajara : en la imprenta del supremo gobierno, 1829] -- Viva Jesus. Afectos de una Religiosa amante de la cruz. [Mexico : Imp. de M. Murguía, [18--?]] -- Novena á la Smâ. Virgen Maria en la advocacion de la Divina Pastora que se venera ... / dispuesta por ... Francisco Garcia Diego. [[Place of publication not identified] : En el Armadillo Oficina de Alexo Infante, 1830] -- Novena de la admirable y milagrosa protectora de imposibles, la coronada esposa de Jesuchristo Santa Rita de Casia, religiosa agustina calzada / ... José Arroyo. [Mexico : Imprenta de Luis Abadiano y Valdés, 1852] -- Devocion a la alma santisima de la Virgen Maria. [México : Reimpresa por Santiago Perez ..., 1844] -- Dia veintiseis consagrado a la memoria del Grande Felipe Neri / dipusolo ... Manuel Gomez Marin. [[Mexico] : Impreso por Luis Abadiano, 1840] -- Breve noticia del pequeño escapulario azul que en honor de la Inmaculada Concepcion de la Santisima Virgen Maria, ... / traducido al castellano de la latina impresa en Roma el año de 1851. [Mexico : Tip. de M. de Murguía, 1860] -- Septenario doloroso : ejercicios tan provechosos á los fieles como obsequioso á la SS. Virgen Maria ... [Barcelona : Imprenta de los Herederos de la V. Pla, 1854] -- Novena al santo del sacramento San Pascual Bailon, nuevo taumaturgo conocido por sus milagros y por sus maravillosos golpes ... / Pascual Salmerón. [Mexico : Imprenta de Luis Abadiano y Valdés, 1854].  |5 TXA 
600 0 0 |a Jesus Christ  |x Passion  |v Prayers and devotions  |v Early works to 1800. 
600 0 0 |a Jesus Christ  |x Passion  |v Meditations  |v Early works to 1800. 
650 0 |a Holy Week  |v Prayers and devotions  |v Early works to 1800. 
610 2 0 |a Convento de Jesús María (Guadalajara, Mexico)  |v Prayers and devotions  |v Early works to 1800. 
655 7 |a Prayer books  |z Mexico  |y 19th century.  |2 rbgenr 
700 1 |a Valdés Tellez Giron, Mariano,  |e printer. 
752 |a Mexico :  |d Guadalajara. 
948 |a cataloged  |b h  |c 2010/7/20  |d o  |e fpiscitelli  |f 5:40:51 pm 
994 |a C0  |b TXA 
999 |a MARS 
999 f f |s c4dd7dd7-8992-3507-99ba-0c56c0a50bf0  |i 4ba42d08-722d-3dbc-958f-4d7c18e24987  |t 0 
952 f f |p noncirc  |a Texas A&M University  |b College Station  |c Cushing Memorial Library & Archives  |d Cushing: Colonial Mexican Imprints (Does not check out)  |t 0  |e BX2170.T75 P37 1850  |h Library of Congress classification  |i unmediated -- volume 
952 f f |p noncirc  |a Texas A&M University  |b College Station  |c Cushing Memorial Library & Archives  |d Cushing: Colonial Mexican Imprints (Does not check out)  |t 0  |e BT430 .T75 1803  |h Library of Congress classification  |i unmediated -- volume  |m A14851965104 
998 f f |a BX2170.T75 P37 1850  |t 0  |l Cushing: Colonial Mexican Imprints (Does not check out) 
998 f f |a BT430 .T75 1803  |t 0  |l Cushing: Colonial Mexican Imprints (Does not check out)